| 000 | 00657nam a2200229Ia 4500 | ||
|---|---|---|---|
| 003 | IN-BaIIA | ||
| 008 | 211028s9999 xx 000 0 eng d | ||
| 020 | _a0-306-41531-3 | ||
| 040 | _cIIA Library | ||
| 080 |
_a539.1 _bELE |
||
| 100 |
_aShimamura, Isao _914202 |
||
| 245 | 0 |
_aElectron-Molecule collisions _cIsao Shimamura and Kazuo Takayanagi |
|
| 260 |
_aNew York _bPlenum Press _c1984 |
||
| 300 | _axiii, 570p. | ||
| 650 |
_aCollisions _94150 |
||
| 650 |
_aElectron collisions _914203 |
||
| 650 |
_aMolecular collisions _94048 |
||
| 650 |
_aMolecular physics _91914 |
||
| 650 | _aNASA Thesaurus | ||
| 700 |
_aTakayanagi, Kazuo _914204 |
||
| 942 | _cBK | ||
| 999 |
_c8478 _d8478 |
||